Footballeurs Ayant Gagné une finale de C1 - Statistiques

Statistiques générales
  • Ce quiz a été pris 515 fois
  • Le résultat moyen est 74 sur 623
Statistiques - réponses
Pays Joueurs NB C1 Année(s) Club(s) % Correct
Portugal Cristiano Ronaldo 5 2008 /2014 /2016 /2017 /2018 Manchester United / Real Madrid (4)
89%
Argentine Lionel Messi 3 2009 /2011 /2015 Barcelone (3)
85%
France Karim Benzema 4 2014 /2016 /2017 /2018 Real Madrid (4)
68%
Allemagne Gerd Müller 3 1974 /1975 /1976 Bayern Munich (3)
66%
Allemagne Thomas Müller 2 2013 /2020 Bayern Munich (2)
66%
Brésil Neymar 1 2015 Barcelone
64%
France Zinédine Zidane 1 2002 Real Madrid
63%
Espagne Andrés Iniesta 3 2006 /2009 /2011 Barcelone (3)
61%
Espagne Andrés Iniesta 1 2015 Barcelone
61%
Croatie Luka Modrić 4 2014 /2016 /2017 /2018 Real Madrid (4)
61%
Espagne Sergio Ramos 3 2016 /2017 /2018 Real Madrid (3)
60%
Espagne Sergio Ramos 1 2014 Real Madrid
60%
Espagne Xavi 2 2009 /2015 Barcelone (2)
60%
Espagne Xavi 1 2011 Barcelone
60%
Espagne Luis Suárez 2 1964 /1965 Inter Milan (2)
56%
Uruguay Luiz Suárez 1 2015 Barcelone
56%
Allemagne Toni Kroos 3 2016 /2017 /2018 Real Madrid (3)
55%
Pays de Galles Gareth Bale 4 2014 /2016 /2017 /2018 Real Madrid (4)
54%
Allemagne Manuel Neuer 1 2013 Bayern Munich
54%
Allemagne Manuel Neuer 1 2020 Bayern Munich
54%
Allemagne Oliver Kahn 1 2001 Bayern Munich
53%
Pologne Robert Lewandowski 1 2020 Bayern Munich
52%
Egypte Mohamed Salah 1 2019 Liverpool
50%
France Raphaël Varane 3 2014 /2017 /2018 Real Madrid (3)
49%
Cameroun Samuel Eto'o 3 2006 /2009 /2010 Barcelone (2) Inter Milan
49%
Côte d'Ivoire Didier Drogba 1 2012 Chelsea
48%
Brésil Ronaldinho 1 2006 Barcelone
48%
Sénégal Sadio Mané 1 2019 Liverpool
48%
France Thierry Henry 1 2009 Barcelone
48%
France Franck Ribéry 1 2013 Bayern Munich
47%
Espagne Gerard Piqué 3 2009 /2011 /2015 Barcelone (3)
47%
Brésil Marcelo 4 2014 /2016 /2017 /2018 Real Madrid (4)
47%
Espagne Carles Puyol 2 2006 /2009 Barcelone (2)
46%
Espagne Carles Puyol 1 2011 Barcelone
46%
Espagne Iker Casillas 2 2000 /2002 Real Madrid (2)
45%
Espagne Iker Casillas 1 2014 Real Madrid
45%
Allemagne Philipp Lahm 1 2013 Bayern Munich
45%
Italie Stefano Nava 1 1994 AC Milan
45%
Pays Bas Arjen Robben 1 2013 Bayern Munich
44%
Angleterre Jimmy Case 3 1977 /1978 /1982 Liverpool (3)
43%
Angleterre Jimmy Case 3 1977 /1978 /1982 Liverpool (3)
43%
Portugal Pepe 1 2016 Real Madrid
43%
France Didier Deschamps 1 1993 Olympique de Marseille
42%
France Didier Deschamps 1 1996 Juventus
42%
Italie Cesare Maldini 1 1963 AC Milan
41%
Espagne Dani Carvajal 2 2017 /2018 Real Madrid (2)
41%
Espagne Daniel Carvajal 2 2014 /2016 Real Madrid (2)
41%
France Kingsley Coman 1 2020 Bayern Munich
41%
Italie Paolo Maldini 3 1989 /1990 /1994 AC Milan (3)
41%
Italie Paolo Maldini 2 2003 /2007 AC Milan (2)
41%
Pays Bas Virgil van Dijk 1 2019 Liverpool
41%
Brésil Casemiro 3 2016 /2017 /2018 Real Madrid (3)
40%
Espagne Sergio Busquets 3 2009 /2011 /2015 Barcelone (3)
40%
Brésil Thiago Silva 1 2021 Chelsea
40%
Brésil Dani Alves 1 2015 Barcelone
39%
Brésil Kaká 1 2007 AC Milan
39%
France N'Golo Kanté 1 2021 Chelsea
39%
Pays Bas Dick van Dijk 1 1971 Ajax Amsterdam
38%
Brésil Roberto Firmino 1 2019 Liverpool
37%
Argentine Ángel Di María 1 2014 Real Madrid
36%
Sénégal Édouard Mendy 1 2021 Chelsea
36%
Allemagne Joshua Kimmich 1 2020 Bayern Munich
36%
Angleterre Steven Gerrard 1 2005 Liverpool
36%
Angleterre Wayne Rooney 1 2008 Manchester United
36%
Espagne Jordi Alba 1 2015 Barcelone
35%
Allemagne Kai Havertz 1 2021 Chelsea
35%
Espagne Xabi Alonso 1 2005 Liverpool
35%
Brésil Alisson 1 2019 Liverpool
34%
Croatie Ivan Rakitić 1 2015 Barcelone
34%
Allemagne Marc-André ter Stegen 1 2015 Barcelone
34%
France Basile Boli 1 1993 Olympique de Marseille
33%
Espagne David Villa 1 2011 Barcelone
33%
Portugal Deco 2 2004 /2006 Porto /Barcelone
33%
France Éric Abidal 1 2011 Barcelone
33%
Angleterre Trent Alexander-Arnold 1 2019 Liverpool
33%
Espagne Víctor Valdés 3 2006 /2009 /2011 Barcelone (3)
33%
Ecosse Andrew Robertson 1 2019 Liverpool
32%
Brésil Daniel Alves 1 2011 Barcelone
32%
Angleterre Frank Lampard 1 2012 Chelsea
32%
Espagne Isco 4 2014 /2016 /2017 /2018 Real Madrid (4)
32%
Ecosse John Robertson 2 1979 /1980 Nottingham Forest (2)
32%
Costa Rica Keylor Navas 3 2016 /2017 /2018 Real Madrid (3)
32%
France Michel Platini 1 1985 Juventus
32%
Argentine / Espagne Alfredo Di Stéfano 5 1956 /1957 /1958 /1959 /1960 Real Madrid (5)
31%
Autriche David Alaba 2 2013 /2020 Bayern Munich (2)
31%
Brésil Roberto Carlos 3 1998 /2000 /2002 Real Madrid (3)
31%
Angleterre David Beckham 1 1999 Manchester United
30%
France Fabien Barthez 1 1993 Olympique de Marseille
30%
Allemagne Franz Beckenbauer 3 1974 /1975 /1976 Bayern Munich (3)
30%
Allemagne Jérôme Boateng 2 2013 /2020 Bayern Munich (2)
30%
Pays de Galles Ryan Giggs 2 1999 /2008 Manchester United (2)
30%
Allemagne Antonio Rüdiger 1 2021 Chelsea
29%
Portugal Luís Figo 1 2002 Real Madrid
29%
France Patrice Évra 1 2008 Manchester United
29%
Ghana Abedi Pelé 1 1993 Olympique de Marseille
28%
Angleterre Jordan Henderson 1 2019 Liverpool
28%
France Marcel Desailly 2 1993 /1994 Olympique de Marseille AC Milan
28%
Pays Bas Marco van Basten 2 1989 /1990 AC Milan (2)
28%
Espagne Pedro 3 2009 /2011 /2015 Barcelone (3)
28%
Canada Alphonso Davies 1 2020 Bayern Munich
27%
France Bixente Lizarazu 1 2001 Bayern Munich
27%
Pays Bas Clarence Seedorf 4 1995 /1998 /2003 /2007 Ajax Amsterdam / Real Madrid / AC Milan (2)
27%
Argentine Javier Mascherano 2 2011 /2015 Barcelone (2)
27%
Angleterre Mason Mount 1 2021 Chelsea
27%
Espagne Raúl 3 1998 /2000 /2002 Real Madrid (3)
27%
Angleterre Rio Ferdinand 1 2008 Manchester United
27%
Pays Bas Ruud Gullit 2 1989 /1990 AC Milan (2)
27%
Espagne Thiago 1 2020 Bayern Munich
27%
Ukraine Andriy Chevtchenko 1 2003 AC Milan
26%
Republique Thcèque Petr Čech 1 2012 Chelsea
26%
Algerie Rabah Madjer 1 1987 Porto
26%
Pays Bas Edwin van der Sar 2 1995 /2008 Ajax Amsterdam Manchester United
25%
Italie Jorginho 1 2021 Chelsea
25%
Espagne Juan Alonso 2 1956 /1957 Real Madrid (2)
25%
Espagne Juan Alonso 1 1958 Real Madrid
25%
Allemagne Mario Gómez 1 2013 Bayern Munich
25%
Angleterre Reece James 1 2021 Chelsea
25%
Italie Andrea Pirlo 2 2003 /2007 AC Milan (2)
24%
Brésil Dida 2 2003 /2007 AC Milan (2)
24%
Portugal Eusébio 1 1962 Benfica
24%
Brésil Fabinho 1 2019 Liverpool
24%
Italie Filippo Inzaghi 2 2003 /2007 AC Milan (2)
24%
Angleterre Joe Gomez 1 2019 Liverpool
24%
Cameroun Joël Matip 1 2019 Liverpool
24%
Allemagne Leon Goretzka 1 2020 Bayern Munich
24%
Espagne Marco Asensio 2 2017 /2018 Real Madrid (2)
24%
Croatie Mateo Kovačić 1 2021 Chelsea
24%
Espagne Nacho 1 2018 Real Madrid
24%
France Raymond Kopa 3 1957 /1958 /1959 Real Madrid (3)
24%
Allemagne Serge Gnabry 1 2020 Bayern Munich
24%
Allemagne Timo Werner 1 2021 Chelsea
24%
Côte d'Ivoire Yaya Touré 1 2009 Barcelone
24%
Italie Alessandro Nesta 2 2003 /2007 AC Milan (2)
23%
France Claude Makelele 1 2002 Real Madrid
23%
Belgique Divock Origi 1 2019 Liverpool
23%
Hongrie Ferenc Puskás 1 1960 Real Madrid
23%
Espagne Fernando Torres 1 2012 Chelsea
23%
Pays Bas Georginio Wijnaldum 1 2019 Liverpool
23%
Espagne Juan Carlos 1 1992 Barcelone
23%
Serbie Nemanja Vidić 1 2008 Manchester United
23%
Angleterre Paul Scholes 1 2008 Manchester United
23%
Espagne César Azpilicueta 1 2021 Chelsea
22%
Etats Unis Christian Pulisic 1 2021 Chelsea
22%
Argentine Diego Milito 1 2010 Inter Milan
22%
Espagne Manuel Torres 1 1957 Real Madrid
22%
Croatie Mario Mandžukić 1 2013 Bayern Munich
21%
Portugal Rui Costa 1 2003 AC Milan
21%
Pays Bas Wesley Sneijder 1 2010 Inter Milan
21%
Angleterre Andy Cole 1 1999 Manchester United
20%
Angleterre Ashley Cole 1 2012 Chelsea
20%
Allemagne Bastian Schweinsteiger 1 2013 Bayern Munich
20%
Pays Bas Frank de Boer 1 1995 Ajax Amsterdam
20%
Italie Gennaro Gattuso 2 2003 /2007 AC Milan (2)
20%
Irlande du Nord George Best 1 1968 Manchester United
20%
France Jérémy Mathieu 1 2015 Barcelone
20%
France Nicolas Anelka 1 2000 Real Madrid
20%
Pays Bas Ronald de Boer 1 1995 Ajax Amsterdam
20%
Croatie Ivan Perišić 1 2020 Bayern Munich
19%
Bresil Jair da Costa 2 1964 /1965 Inter Milan (2)
19%
Angleterre James Milner 1 2019 Liverpool
19%
Portugal Jorge Costa 1 2004 Porto
19%
Portugal Nani 1 2008 Manchester United
19%
Allemagne Rudi Völler 1 1993 Olympique de Marseille
19%
Allemagne Sami Khedira 1 2014 Real Madrid
19%
Mali Seydou Keita 2 2009 /2011 Barcelone (2)
19%
France Djibril Cissé 1 2005 Liverpool
18%
Argentine Javier Zanetti 1 2010 Inter Milan
18%
Espagne Javi Martínez 1 2013 Bayern Munich
18%
France Ludovic Giuly 1 2006 Barcelone
18%
Allemagne Stefan Klos 1 1997 Borussia Dortmund
18%
Italie Alessandro Del Piero 1 1996 Juventus
17%
Danemark Andreas Christensen 1 2021 Chelsea
17%
France Corentin Tolisso 1 2020 Bayern Munich
17%
Italie Franco Baresi 2 1989 /1990 AC Milan (2)
17%
Brésil Júlio César 1 2010 Inter Milan
17%
Espagne Luis del Sol 1 1960 Real Madrid
17%
Pays Bas Ronald Koeman 2 1988 /1992 PSV Eindhoven / Barcelone
17%
Angleterre Ben Chilwell 1 2021 Chelsea
16%
Argentine Carlos Tévez 1 2008 Manchester United
16%
Brésil Dante 1 2013 Bayern Munich
16%
Portugal Fábio Coentrão 1 2014 Real Madrid
16%
Espagne Fernando Hierro 2 1998 /2000 Real Madrid (2)
16%
Espagne Fernando Hierro 1 2002 Real Madrid
16%
France Florent Malouda 1 2012 Chelsea
16%
Espagne Manuel Sanchís Martínez 1 1966 Real Madrid
16%
Brésil Philippe Coutinho 1 2020 Bayern Munich
16%
Espagne César 1 2002 Real Madrid
15%
Espagne Josep Guardiola 1 1992 Barcelone
15%
Espagne Lucas Vázquez 1 2016 Real Madrid
15%
Italie Bruno Mora 1 1963 AC Milan
14%
France Christian Karembeu 1 1998 Real Madrid
14%
Brésil David Luiz 1 2012 Chelsea
14%
Espagne Fernando Morientes 3 1998 /2000 /2002 Real Madrid (3)
14%
Pays Bas Frank Rijkaard 3 1989 /1990 /1995 AC Milan (2) / Ajax Amsterdam
14%
Bulgarie Hristo Stoichkov 1 1992 Barcelone
14%
Espagne Juan Mata 1 2012 Chelsea
14%
Italie Marco Materazzi 1 2010 Inter Milan
14%
Danemark Michael Laudrup 1 1992 Barcelone
14%
Allemagne Niklas Süle 1 2020 Bayern Munich
14%
Danemark Peter Schmeichel 1 1999 Manchester United
14%
Portugal Ricardo Carvalho 1 2004 Porto
14%
France Willy Sagnol 1 2001 Bayern Munich
14%
Suède Björn Andersson 1 1975 Bayern Munich
13%
Croatie Davor Šuker 1 1998 Real Madrid
13%
France Éric Di Meco 1 1993 Olympique de Marseille
13%
Angleterre Gary Cahill 1 2012 Chelsea
13%
Suède Henrik Larsson 1 2006 Barcelone
13%
Pologne Jerzy Dudek 1 2005 Liverpool
13%
Italie Mario David 1 1963 AC Milan
13%
Allemagne Matthias Sammer 1 1997 Borussia Dortmund
13%
Suède Patrik Andersson 1 2001 Bayern Munich
13%
Brésil Anderson 1 2008 Manchester United
12%
Angleterre Bobby Charlton 1 1968 Manchester United
12%
Espagne Francisco Gento 5 1956 /1957 /1958 /1959 /1960 Real Madrid (5)
12%
Espagne Francisco Gento 1 1966 Real Madrid
12%
Angleterre Gary Neville 1 1999 Manchester United
12%
Angleterre Viv Anderson 2 1979 /1980 Nottingham Forest (2)
12%
Espagne Álvaro Morata 2 2015 /2017 Real Madrid (2)
11%
Nigeria John Obi Mikel 1 2012 Chelsea
11%
Brésil Maicon 1 2010 Inter Milan
11%
Argentine Esteban Cambiasso 1 2010 Inter Milan
10%
Pays de Galles Ian Rush 1 1984 Liverpool
10%
Pays Bas Jaap Stam 1 1999 Manchester United
10%
Finlande Jari Litmanen 1 1995 Ajax Amsterdam
10%
Ecosse Kenny Dalglish 3 1978 /1981 /1984 Liverpool (3)
10%
Ecosse Kenny Dalglish 3 1978 /1981 /1984 Liverpool (3)
10%
Brésil Lúcio 1 2010 Inter Milan
10%
Norvège Ole Gunnar Solskjær 1 1999 Manchester United
10%
Italie Paolo Rossi 1 1985 Juventus
10%
Pays Bas Patrick Kluivert 1 1996 Ajax Amsterdam
10%
Italie Sebastiano Rossi 1 1994 AC Milan
10%
Macedoine Goran Pandev 1 2010 Inter Milan
9%
Allemagne Karl-Heinz Rummenigge 1 1976 Bayern Munich
9%
Angleterre Michael Carrick 1 2008 Manchester United
9%
Côte d'Ivoire Salomon Kalou 1 2012 Chelsea
9%
Italie Carlo Ancelotti 2 1989 /1990 AC Milan (2)
8%
Portugal Eduardo Luís 1 1987 Porto
8%
Angleterre Jamie Carragher 1 2005 Liverpool
8%
Brésil Juliano Belletti 1 2006 Barcelone
8%
Italie Rafael Márquez 1 2006 Barcelone
8%
Afrique du Sud Benni McCarthy 1 2004 Porto
7%
Serbie Dejan Stanković 1 2010 Inter Milan
7%
Pays Bas Edgar Davids 1 1995 Ajax Amsterdam
7%
France Franck Sauzée 1 1993 Olympique de Marseille
7%
Norvège John Arne Riise 1 2005 Liverpool
7%
Portugal José Bosingwa 1 2012 Chelsea
7%
Espagne José María Vidal 1 1960 Real Madrid
7%
Angleterre Kevin Keegan 1 1977 Liverpool
7%
Portugal Maniche 1 2004 Porto
7%
Pays Bas Mark van Bommel 1 2006 Barcelone
7%
Espagne Michel Salgado 1 2000 Real Madrid
7%
Espagne Míchel Salgado 1 2002 Real Madrid
7%
Angleterre Steve McManaman 2 2000 /2002 Real Madrid (2)
7%
Croatie Alen Bokšić 1 1993 Olympique de Marseille
6%
Italie Alessandro Costacurta 3 1989 /1990 /2003 AC Milan (3)
6%
Mali Djimi Traoré 1 2005 Liverpool
6%
Australie Harry Kewell 1 2005 Liverpool
6%
Géorgie Kakha Kaladze 2 2003 /2007 AC Milan (2)
6%
Brésil Luiz Gustavo 1 2013 Bayern Munich
6%
Pays Bas Marc Overmars 1 1995 Ajax Amsterdam
6%
Ghana Sulley Muntari 1 2010 Inter Milan
6%
Portugal Vítor Baía 1 2004 Porto
6%
Argentine Walter Samuel 1 2010 Inter Milan
6%
Angleterre Wes Brown 1 2008 Manchester United
6%
Pays Bas Arie Haan 3 1971 /1972 /1973 Ajax Amsterdam (3)
5%
Brésil Carlos Alberto 1 2004 Porto
5%
Roumanie Cristian Chivu 1 2010 Inter Milan
5%
Brésil Danilo 1 2016 Real Madrid
5%
Espagne Iván Helguera 2 2000 /2002 Real Madrid (2)
5%
France Jean-Jacques Eydelie 1 1993 Olympique de Marseille
5%
France Jocelyn Angloma 1 1993 Olympique de Marseille
5%
Pays de Galles Joey Jones 1 1977 Liverpool
5%
Espagne Luis García 1 2005 Liverpool
5%
Republique Thcèque Milan Baroš 1 2005 Liverpool
5%
Angleterre Owen Hargreaves 2 2001 /2008 Bayern Munich Manchester United
5%
Allemagne Sepp Maier 3 1974 /1975 /1976 Bayern Munich (3)
5%
Republique Thcèque Vladimír Šmicer 1 2005 Liverpool
5%
Italie Alberto Gilardino 1 2007 AC Milan
4%
Italie Antonio Conte 1 1996 Juventus
4%
Portugal Costinha 1 2004 Porto
4%
Trinité et Tobago Dwight Yorke 1 1999 Manchester United
4%
Brésil Edmílson 1 2006 Barcelone
4%
Argentine Fernando Redondo 1 1998 Real Madrid
4%
Argentine Fernando Redondo 1 2000 Real Madrid
4%
Pays Bas Giovanni van Bronckhorst 1 2006 Barcelone
4%
France Jean-Christophe Thomas 1 1993 Olympique de Marseille
4%
France Jean-Philippe Durand 1 1993 Olympique de Marseille
4%
Portugal João Pinto 1 1987 Porto
4%
Pays Bas Johan Cruijff 3 1971 /1972 /1973 Ajax Amsterdam (3)
4%
Pays Bas Johan Neeskens 3 1971 /1972 /1973 Ajax Amsterdam (3)
4%
Allemagne Jürgen Kohler 1 1997 Borussia Dortmund
4%
Italie Massimo Ambrosini 2 2003 /2007 AC Milan (2)
4%
Nigeria Nwankwo Kanu 1 1995 Ajax Amsterdam
4%
Allemagne Paul Breitner 1 1974 Bayern Munich
4%
Portugal Paulo Ferreira 1 2004 Porto
4%
Brésil Paulo Sérgio 1 2001 Bayern Munich
4%
Angleterre Ryan Bertrand 1 2012 Chelsea
4%
Finlande Sami Hyypiä 1 2005 Liverpool
4%
Brésil Sávio 1 2001 Real Madrid
4%
Brésil Sylvinho 1 2009 Barcelone
4%
Angleterre Teddy Sheringham 1 1999 Manchester United
4%
Espagne Andoni Zubizarreta 1 1992 Barcelone
3%
Allemagne Andreas Möller 1 1997 Borussia Dortmund
3%
Portugal António Sousa 1 1987 Porto
3%
Pays Bas Danny Blind 1 1995 Ajax Amsterdam
3%
Yougoslavie Dejan Savićević 2 1991 /1994 Etoiles Rouge de Belgrade / AC Milan
3%
Italie Fabrizio Ravanelli 1 1996 Juventus
3%
Brésil Giovane Élber 1 2001 Bayern Munich
3%
Bosnie Herzegovine Hasan Salihamidžić 1 2001 Bayern Munich
3%
Pays Bas Ibrahim Afellay 1 2011 Barcelone
3%
Pays Bas Johnny Rep 1 1973 Ajax Amsterdam
3%
Portugal José Neto 1 1961 Benfica
3%
Allemagne Karl-Heinz Riedle 1 1997 Borussia Dortmund
3%
Allemagne Lars Ricken 1 1997 Borussia Dortmund
3%
Italie Marco Tardelli 1 1985 Juventus
3%
Republique Thcèque Marek Jankulovski 1 2007 AC Milan
3%
Portugal Mário João 2 1961 /1962 Benfica (2)
3%
Italie Massimo Oddo 1 2007 AC Milan
3%
Espagne Oleguer 1 2006 Barcelone
3%
Portugal Paulo Sousa 2 1996 /1997 Juventus / Borussia Dortmund
3%
Argentine Santiago Solari 1 2002 Real Madrid
3%
Suisse Stéphane Chapuisat 1 1997 Borussia Dortmund
3%
Angleterre Tommy Smith 1 1977 Liverpool
3%
Pologne Zbigniew Boniek 1 1985 Juventus
3%
Croatie Zvonimir Boban 1 1994 AC Milan
3%
Espagne Aitor Karanka 1 2000 Real Madrid
2%
Ecosse Alan Hansen 3 1978 /1981 /1984 Liverpool (3)
2%
Ecosse Alan Hansen 3 1978 /1981 /1984 Liverpool (3)
2%
Espagne Albert Ferrer 1 1992 Barcelone
2%
Portugal Alberto da Costa Pereira 2 1961 /1962 Benfica (2)
2%
Italie Angelo Peruzzi 1 1996 Juventus
2%
Portugal António André 1 1987 Porto
2%
Italie Antonio Cabrini 1 1985 Juventus
2%
Allemagne Bodo Illgner 1 1998 Real Madrid
2%
Zimbabwe Bruce Grobbelaar 1 1984 Liverpool
2%
Italie Daniele Massaro 2 1991 /1994 AC Milan (2)
2%
Yougoslavie Darko Pančev 1 1991 Etoiles Rouge de Belgrade
2%
Angleterre David Johnson 1 1981 Liverpool
2%
Irlande Denis Irwin 1 1999 Manchester United
2%
Brésil Derlei 1 2004 Porto
2%
Allemagne Dietmar Hamann 1 2005 Liverpool
2%
Bresil Dino Sani 1 1963 AC Milan
2%
Allemagne Felix Magath 1 1983 Hambourg
2%
Italie Filippo Galli 3 1989 /1990 /1994 AC Milan (3)
2%
Nigeria Finidi George 1 1995 Ajax Amsterdam
2%
Brésil Flávio Conceição 1 2002 Real Madrid
2%
Italie Giacinto Facchetti 2 1964 /1965 Inter Milan (2)
2%
Italie Gianluca Vialli 1 1996 Juventus
2%
Italie Gianni Rivera 1 1963 AC Milan
2%
Italie Gianni Rivera 1 1969 AC Milan
2%
Italie Giovanni Galli 2 1989 /1990 AC Milan (2)
2%
Ecosse Graeme Souness 2 1978 /1981 Liverpool (2)
2%
Ecosse Graeme Souness 1 1984 Liverpool
2%
Allemagne Hans-Georg Schwarzenbeck 3 1974 /1975 /1976 Bayern Munich (3)
2%
Espagne Héctor Rial 4 1956 /1957 /1958 /1959 Real Madrid (4)
2%
Angleterre Ian Callaghan 1 1977 Liverpool
2%
Espagne Iván Campo 1 2000 Real Madrid
2%
Suède Jesper Blomqvist 1 1999 Manchester United
2%
Danemark Johnny Hansen 2 1974 /1976 Bayern Munich (2)
2%
Allemagne Jupp Kapellmann 3 1974 /1975 /1976 Bayern Munich (3)
2%
Espagne Manuel Sanchís 1 1998 Real Madrid
2%
Espagne Manuel Sanchís 1 2000 Real Madrid
2%
Italie Mauro Tassotti 2 1989 /1990 AC Milan (2)
2%
Italie Mauro Tassotti 1 1994 AC Milan
2%
Allemagne Mehmet Scholl 1 2001 Bayern Munich
2%
Pays Bas Michael Reiziger 1 1995 Ajax Amsterdam
2%
Portugal Pedro Mendes 1 2004 Porto
2%
Angleterre Phil Neal 4 1977 /1978 /1981 /1984 Liverpool (4)
2%
Angleterre Phil Neal 4 1977 /1978 /1981 /1984 Liverpool (4)
2%
Pays Bas Predrag Mijatović 1 1998 Real Madrid
2%
Espagne Ramón Grosso 1 1966 Real Madrid
2%
Italie Roberto Donadoni 2 1989 /1994 AC Milan (2)
2%
Pays Bas Ruud Krol 2 1972 /1973 Ajax Amsterdam (2)
2%
Ghana Samuel Kuffour 1 2001 Bayern Munich
2%
Yougoslavie Siniša Mihajlović 1 1991 Etoiles Rouge de Belgrade
2%
Allemagne Stefan Effenberg 1 2001 Bayern Munich
2%
Allemagne Stefan Reuter 1 1997 Borussia Dortmund
2%
Allemagne Thomas Linke 1 2001 Bayern Munich
2%
Allemagne Uli Hoeneß 3 1974 /1975 Bayern Munich (2)
2%
Roumanie Adrian Bumbescu 1 1986 Steaua Bucarest
1%
Angleterre Alan Kennedy 2 1981 /1984 Liverpool (2)
1%
Allemagne Alexander Zickler 1 2002 Bayern Munich
1%
Ecosse Allan Evans 1 1982 Aston Villa
1%
Espagne Ángel Atienza 2 1956 /1958 Real Madrid (2)
1%
Italie Angelo Di Livio 1 1996 Juventus
1%
Espagne Antonio Ruiz 1 1959 Real Madrid
1%
Portugal António Simões 1 1962 Benfica
1%
Pays Bas Barry Hulshoff 3 1971 /1972 /1973 Ajax Amsterdam (3)
1%
Allemagne Bernd Dürnberger 3 1974 /1975 /1976 Bayern Munich (3)
1%
Allemagne Bernd Wehmeyer 1 1983 Hambourg
1%
Angleterre Bryn Gunn 1 1981 Nottingham Forest
1%
Allemagne Carsten Jancker 1 2001 Bayern Munich
1%
Italie Christian Panucci 2 1994 /1998 AC Milan Real Madrid
1%
Italie Ciro Ferrara 1 1996 Juventus
1%
Angleterre Craig Johnston 1 1984 Liverpool
1%
Angleterre David Fairclough 1 1978 Liverpool
1%
Italie Demetrio Albertini 1 1994 AC Milan
1%
Allemagne Ditmar Jakobs 1 1983 Hambourg
1%
Russie Dmitri Alenichev 1 2004 Porto
1%
Portugal Domiciano Cavém 2 1961 /1962 Benfica (2)
1%
Yougoslavie Dragiša Binić 1 1991 Etoiles Rouge de Belgrade
1%
Angleterre Emlyn Hughes 2 1977 /1978 Liverpool (2)
1%
Espagne Enrique Mateos 2 1957 /1959 Real Madrid (2)
1%
Belgique Eric Gerets 1 1988 PSV Eindhoven
1%
Italie Fabio Cudicini 1 1969 AC Milan
1%
Portugal Fernando Cruz 2 1961 /1962 Benfica (2)
1%
Angleterre Frank Clark 1 1979 Nottingham Forest
1%
Allemagne Franz Roth 3 1974 /1975 /1976 Bayern Munich (3)
1%
Italie Gaetano Scirea 1 1985 Juventus
1%
Angleterre Gary Shaw 1 1982 Aston Villa
1%
Angleterre Gary Williams 1 1982 Aston Villa
1%
Portugal Germano 2 1961 /1962 Benfica (2)
1%
Pays Bas Gerrie Mühren 3 1971 /1972 /1973 Ajax Amsterdam (3)
1%
Italie Gianluca Pessotto 1 1996 Juventus
1%
Italie Giuseppe Favalli 1 2007 AC Milan
1%
Allemagne Heiko Herrlich 1 1997 Borussia Dortmund
1%
Roumanie Helmuth Duckadam 1 1986 Steaua Bucarest
1%
Allemagne Holger Hieronymus 1 1983 Hambourg
1%
Allemagne Horst Blankenburg 3 1971 /1972 /1973 Ajax Amsterdam (3)
1%
Allemagne Horst Hrubesch 1 1983 Hambourg
1%
Espagne Ignacio Zoco 1 1966 Real Madrid
1%
Roumanie Ilie Bărbulescu 1 1986 Steaua Bucarest
1%
Danemark Ivan Nielsen 1 1988 PSV Eindhoven
1%
Ecosse Jimmy Johnstone 1 1967 Celtic
1%
Angleterre Jimmy Rimmer 1 1982 Aston Villa
1%
Portugal Joaquim Santana 1 1961 Benfica
1%
Ecosse John Clark 1 1967 Celtic
1%
Ecosse John McGovern 2 1979 /1980 Nottingham Forest (2)
1%
Ecosse John O'Hare 1 1981 Nottingham Forest
1%
Allemagne Jörg Heinrich 1 1997 Borussia Dortmund
1%
Portugal José Águas 2 1961 /1962 Benfica (2)
1%
Brésil / Italie José Altafini 1 1963 AC Milan
1%
Espagne José Emilio Amavisca 1 1998 Real Madrid
1%
Espagne Joseíto 1 1956 Real Madrid
1%
Espagne Joseito 1 1958 Real Madrid
1%
Espagne José María Zárraga 3 1956 /1957 /1958 Real Madrid (3)
1%
Espagne José María Zárraga 2 1959 /1960 Real Madrid (2)
1%
Espagne José Mari Bakero 1 1992 Barcelone
1%
Uruguay / Espagne José Santamaría 3 1958 /1959 /1960 Real Madrid (3)
1%
Espagne Juan Santisteban 2 1958 /1959 Real Madrid (2)
1%
Allemagne Jürgen Groh 1 1983 Hambourg
1%
Allemagne Jürgen Milewski 1 1983 Hambourg
1%
Allemagne Karl-Heinz Schnellinger 1 1969 AC Milan
1%
Ecosse Kenny Burns 2 1979 /1980 Nottingham Forest (2)
1%
Allemagne Klaus Wunder 1 1975 Bayern Munich
1%
Roumanie László Bölöni 1 1986 Steaua Bucarest
1%
Roumanie Lucian Bălan 1 1986 Steaua Bucarest
1%
Allemagne Manfred Kaltz 1 1983 Hambourg
1%
Espagne Manuel Velázquez 1 1966 Real Madrid
1%
Roumanie Marin Radu 1 1987 Steaua Bucarest
1%
Portugal Mário Coluna 2 1961 /1962 Benfica (2)
1%
Roumanie Marius Lăcătuș 1 1986 Steaua Bucarest
1%
Espagne Marquitos 4 1956 /1957 /1959 /1960 Real Madrid (4)
1%
Allemagne Martin Kree 1 1997 Borussia Dortmund
1%
Saint Marin Massimo Bonini 1 1985 Juventus
1%
Irlande Michael Robinson 1 1985 Liverpool
1%
Allemagne Michael Zorc 1 1997 Borussia Dortmund
1%
Italie Michele Padovano 1 1996 Juventus
1%
Espagne Miguel Muñoz 2 1956 /1957 Real Madrid (2)
1%
Roumanie Mihail Majearu 1 1986 Steaua Bucarest
1%
Roumanie Miodrag Belodedici 2 1986 /1991 Steaua Bucarest /Etoiles Rouge de Belgrade
1%
Angleterre Nicky Butt 1 1999 Manchester United
1%
Angleterre Nobby Stiles 1 1968 Manchester United
1%
Portugal Nuno Valente 1 2004 Porto
1%
Ecosse Paul Lambert 1 1997 Borussia Dortmund
1%
Portugal Paulo Futre 1 1987 Porto
1%
Espagne Pedro de Felipe 1 1966 Real Madrid
1%
Portugal Pedro Emanuel 1 2004 Porto
1%
Angleterre Peter Shilton 2 1979 /1980 Nottingham Forest (2)
1%
Pays Bas Piet Keizer 3 1971 /1972 /1973 Ajax Amsterdam (3)
1%
Italie Pietro Vierchowod 1 1996 Juventus
1%
Espagne Pirri 1 1966 Real Madrid
1%
Espagne Rafael Lesmes 3 1956 /1957 /1958 Real Madrid (3)
1%
Allemagne Rainer Zobel 2 1974 /1975 Bayern Munich (2)
1%
Angleterre Ray Clemence 3 1977 /1978 /1981 Liverpool (3)
1%
Angleterre Ray Clemence 3 1977 /1978 /1981 Liverpool (3)
1%
Angleterre Ray Kennedy 3 1977 /1978 /1981 Liverpool (3)
1%
Angleterre Ray Kennedy 3 1977 /1978 /1981 Liverpool (3)
1%
Yougoslavie Robert Prosinečki 1 1991 Etoiles Rouge de Belgrade
1%
Norvège Ronny Johnsen 1 1999 Manchester United
1%
Brésil Roque Júnior 1 2003 AC Milan
1%
Angleterre Sammy Lee 2 1981 /1984 Liverpool (2)
1%
Allemagne Sepp Weiß 1 1975 Bayern Munich
1%
Brésil Serginho 1 2003 AC Milan
1%
Pays Bas Sjaak Swart 2 1971 /1972 Ajax Amsterdam (2)
1%
Danemark Søren Lerby 1 1988 PSV Eindhoven
1%
Roumanie Ștefan Iovan 1 1986 Steaua Bucarest
1%
Yougoslavie Stevan Stojanović 1 1991 Etoiles Rouge de Belgrade
1%
Irlande Steve Finnan 1 2005 Liverpool
1%
Irlande Steve Heighway 2 1977 /1979 Liverpool (2)
1%
Irlande Steve Heighway 2 1977 /1979 Liverpool (2)
1%
Ecosse Steve Nicol 1 1985 Liverpool
1%
Angleterre Terry McDermott 3 1977 /1978 /1981 Liverpool (3)
1%
Angleterre Terry McDermott 3 1977 /1978 /1981 Liverpool (3)
1%
Allemagne Thomas von Heesen 1 1984 Hambourg
1%
Angleterre Trevor Francis 1 1979 Nottingham Forest
1%
Allemagne Uli Stein 1 1983 Hambourg
1%
Pérou Víctor Benítez 1 1963 AC Milan
1%
Roumanie Victor Pițurcă 1 1986 Steaua Bucarest
1%
Yougoslavie Vladimir Jugović 2 1991 /1996 Etoiles Rouge de Belgrade / Juventus
1%
Ecosse Willie Wallace 1 1967 Celtic
1%
Allemagne Wolfgang Rolff 1 1983 Hambourg
1%
Italie Alberigo Evani 1 1990 AC Milan
0%
Angleterre Alex Stepney 1 1968 Manchester United
0%
Espagne Amancio Amaro 1 1966 Real Madrid
0%
Espagne Andoni Goikoetxea 1 1993 Barcelone
0%
Portugal Ângelo 2 1961 /1962 Benfica (2)
0%
Italie Angelo Anquilletti 1 1969 AC Milan
0%
Italie Angelo Colombo 2 1989 /1990 AC Milan (2)
0%
Italie Angelo Sormani 1 1969 AC Milan
0%
Roumanie Anghel Iordănescu 1 1987 Steaua Bucarest
0%
Portugal António Frasco 1 1987 Porto
0%
Pays Bas Anton Janssen 1 1988 PSV Eindhoven
0%
Italie Aristide Guarneri 2 1964 /1965 Inter Milan (2)
0%
Italie Armando Picchi 2 1964 /1965 Inter Milan (2)
0%
Portugal Augusto Inácio 1 1987 Porto
0%
Italie Aurelio Milani 1 1964 Inter Milan
0%
Italie Beniamino Vignola 1 1986 Juventus
0%
Pays Bas Berry van Aerle 1 1988 PSV Eindhoven
0%
Ecosse Bertie Auld 1 1967 Celtic
0%
Angleterre Bill Foulkes 1 1968 Manchester United
0%
Ecosse Billy McNeill 1 1967 Celtic
0%
Ecosse Bobby Lennox 1 1967 Celtic
0%
Ecosse Bobby Murdoch 1 1967 Celtic
0%
Angleterre Brian Kidd 1 1968 Manchester United
0%
Bresil Canário 1 1960 Real Madrid
0%
Italie Carlo Tagnin 1 1964 Inter Milan
0%
Brésil Celso 1 1987 Porto
0%
Italie Cesare Prandelli 1 1986 Juventus
0%
Pays Bas Coen Moulijn 1 1970 Feyenoord Rotterdam
0%
Suède Conny Torstensson 2 1974 /1975 Bayern Munich (2)
0%
Angleterre David Sadler 1 1968 Manchester United
0%
Angleterre Dennis Mortimer 1 1982 Aston Villa
0%
Ecosse Des Bremner 1 1982 Aston Villa
0%
Pays Bas Eddy Pieters Graafland 1 1970 Feyenoord Rotterdam
0%
Pays Bas Edward Linskens 1 1988 PSV Eindhoven
0%
Espagne Eusebio Sacristán 1 1992 Barcelone
0%
Espagne Fernando Serena 1 1966 Real Madrid
0%
Ecosse Frank Gray 1 1980 Nottingham Forest
0%
Autriche Franz Hasil 1 1970 Feyenoord Rotterdam
0%
Angleterre Garry Birtles 2 1979 /1980 Nottingham Forest (2)
0%
Angleterre Gary Mills 1 1980 Nottingham Forest
0%
Roumanie Gavril Balint 1 1986 Steaua Bucarest
0%
Pays Bas Gerald Vanenburg 1 1988 PSV Eindhoven
0%
Italie Gianfranco Bedin 1 1965 Inter Milan
0%
Italie Gino Pivatelli 1 1963 AC Milan
0%
Italie Giorgio Ghezzi 1 1963 AC Milan
0%
Italie Giovanni Lodetti 1 1969 AC Milan
0%
Italie Giovanni Trapattoni 2 1963 /1969 AC Milan (2)
0%
Italie Giuliano Sarti 2 1964 /1965 Inter Milan (2)
0%
Angleterre Gordon Cowans 1 1982 Aston Villa
0%
Pays Bas Hans Gillhaus 1 1988 PSV Eindhoven
0%
Pays Bas Hans van Breukelen 1 1988 PSV Eindhoven
0%
Pays Bas Heinz Stuy 2 1971 /1973 Ajax Amsterdam (2)
0%
Pays Bas Heinz Stuy 1 1972 Ajax Amsterdam
0%
Pays Bas Henk Wery 1 1970 Feyenoord Rotterdam
0%
Angleterre Ian Bowyer 2 1979 /1980 Nottingham Forest (2)
0%
Yougoslavie Ilija Najdoski 1 1991 Etoiles Rouge de Belgrade
0%
Espagne Jaime 1 1998 Real Madrid
0%
Portugal Jaime Magalhães 1 1987 Porto
0%
Danemark Jan Heintze 1 1988 PSV Eindhoven
0%
Ecosse Jim Craig 1 1967 Celtic
0%
Espagne Joaquín Peiró 1 1965 Inter Milan
0%
Angleterre John Aston 1 1968 Manchester United
0%
Espagne José Araquistáin 1 1966 Real Madrid
0%
Portugal José Augusto 2 1961 /1962 Benfica (2)
0%
Espagne José Ramón Alexanko 1 1992 Barcelone
0%
Pologne Józef Młynarczyk 1 1987 Porto
0%
Brésil Juary 1 1987 Porto
0%
Espagne Julio Salinas 1 1992 Barcelone
0%
Ecosse Ken McNaught 1 1982 Aston Villa
0%
Angleterre Kenny Swain 1 1982 Aston Villa
0%
Suède Kurt Hamrin 1 1969 AC Milan
0%
Angleterre Larry Lloyd 2 1979 /1980 Nottingham Forest (2)
0%
Danemark Lars Bastrup 1 1983 Hambourg
0%
Italie Luciano Favero 1 1985 Juventus
0%
Italie Mario Corso 2 1964 /1965 Inter Milan (2)
0%
Italie Mario Trebbi 1 1963 AC Milan
0%
Irlande Mark Lawrenson 1 1984 Liverpool
0%
Irlande du Nord Martin O'Neill 1 1980 Nottingham Forest
0%
Italie Massimo Briaschi 1 1985 Juventus
0%
Italie Moreno Torricelli 1 1996 Juventus
0%
Espagne Nando 1 1992 Barcelone
0%
Pays Bas Nico Rijnders 1 1971 Ajax Amsterdam
0%
Angleterre Nigel Spink 1 1983 Aston Villa
0%
Suède Ove Kindvall 1 1970 Feyenoord Rotterdam
0%
Espagne Pachín 2 1960 /1966 Real Madrid (2)
0%
Ecosse Pat Crerand 1 1968 Manchester United
0%
Angleterre Peter Withe 1 1982 Aston Villa
0%
Angleterre Phil Thompson 1 1978 Liverpool
0%
Angleterre Phil Thompson 1 1981 Liverpool
0%
Italie Pierino Prati 1 1969 AC Milan
0%
Pays Bas Piet Romeijn 1 1970 Feyenoord Rotterdam
0%
Italie Pietro Paolo Virdis 1 1990 AC Milan
0%
Portugal Quim 1 1987 Porto
0%
Espagne Ramón Marsal Ribó 1 1956 Real Madrid
0%
Yougoslavie Refik Šabanadžović 1 1991 Etoiles Rouge de Belgrade
0%
Pays Bas Rinus Israël 1 1970 Feyenoord Rotterdam
0%
Italie Roberto Rosato 1 1969 AC Milan
0%
Argentine Rogelio Domínguez 2 1959 /1960 Real Madrid (2)
0%
Ecosse Ronnie Simpson 1 1967 Celtic
0%
Irlande Ronnie Whelan 1 1984 Liverpool
0%
Italie Sandro Mazzola 2 1964 /1965 Inter Milan (2)
0%
Italie Saul Malatrasi 1 1969 AC Milan
0%
Italie Sergio Brio 1 1985 Juventus
0%
Irlande Shay Brennan 1 1968 Manchester United
0%
Yougoslavie Slobodan Marović 1 1991 Etoiles Rouge de Belgrade
0%
Italie Stefano Tacconi 1 1985 Juventus
0%
Ecosse Stevie Chalmers 1 1967 Celtic
0%
Italie Tarcisio Burgnich 2 1964 /1965 Inter Milan (2)
0%
Pays Bas Theo Laseroms 1 1970 Feyenoord Rotterdam
0%
Pays Bas Theo van Duivenbode 1 1970 Feyenoord Rotterdam
0%
Ecosse Tommy Gemmell 1 1967 Celtic
0%
Irlande Tony Dunne 1 1968 Manchester United
0%
Angleterre Tony Morley 1 1982 Aston Villa
0%
Angleterre Tony Woodcock 1 1979 Nottingham Forest
0%
Allemagne Udo Horsmann 1 1976 Bayern Munich
0%
Yougoslavie Velibor Vasović 1 1971 Ajax Amsterdam
0%
Yougoslavie Vlada Stošić 1 1991 Etoiles Rouge de Belgrade
0%
Pays Bas Willem van Hanegem 1 1970 Feyenoord Rotterdam
0%
Pays Bas Wim Jansen 1 1970 Feyenoord Rotterdam
0%
Pays Bas Wim Kieft 1 1988 PSV Eindhoven
0%
Pays Bas Wim Suurbier 3 1971 /1972 /1973 Ajax Amsterdam (3)
0%
Aucun quiz correspondant
Distribution des résultats
% des personnes avec chaque résultat
Percentile par nombre de réponses
Votre historique - résultats
Vous n’avez pas pris ce quiz